Helene Jung (Record no. 6793)

MARC details
000 -CABECERA
campo de control de longitud fija 00695nam a2200217 a 4500
001 - NÚMERO DE CONTROL
campo de control BRCA_7112
005 - FECHA Y HORA DE LA ÚLTIMA TRANSACCIÓN
campo de control 20190320205722.0
008 - DATOS DE LONGITUD FIJA--INFORMACIÓN GENERAL
campo de control de longitud fija 281211s1889----gw-#######---#000-0#ger-#
041 ## - CÓDIGO DE LENGUA
Código de lengua del texto/banda sonora o título independiente ger
044 ## - CÓDIGO DEL PAÍS DE LA ENTIDAD EDITORA/PRODUCTORA
Código MARC del país gw
-- .L56 1889
100 1# - ENTRADA PRINCIPAL--NOMBRE DE PERSONA
Nombre de persona Lindau, Paul
9 (RLIN) 17684
245 10 - MENCIÓN DE TÍTULO
Título Helene Jung
Resto del título Erzählung
Mención de responsabilidad, etc. von Paul Lindau.
260 ## - PUBLICACIÓN, DISTRIBUCIÓN, ETC.
Lugar de publicación, distribución, etc. Stuttgart, Alemania
Nombre del editor, distribuidor, etc. J. Engelhorn
Fecha de publicación, distribución, etc. 1889
300 ## - DESCRIPCIÓN FÍSICA
Extensión 142 p.
Dimensiones 19 cm.
440 #0 - MENCIÓN DE SERIE/PUNTO DE ACCESO ADICIONAL--TÍTULO
Título Engelhorns Allgemeine Romanbibliothek. Eine Auswahl der besten modernen Romane aller Völker. Zweiter Jahrgang
Designación de volumen o secuencia 3
9 (RLIN) 17685
500 ## - NOTA GENERAL
Nota general Estado físico: cubiertas desprendidas, lomo deteriorado
500 ## - NOTA GENERAL
Nota general O129
650 14 - PUNTO DE ACCESO ADICIONAL DE MATERIA--TÉRMINO DE MATERIA
Término de materia o nombre geográfico como elemento de entrada Ficción
9 (RLIN) 16263
902 ## - CATALOGADOR
Iniciales GFM
942 ## - ELEMENTOS DE PUNTO DE ACCESO ADICIONAL (KOHA)
Fuente del sistema de clasificación o colocación Library of Congress Classification
Tipo de ítem Koha Libros
Holdings
Estado de retiro Estado de pérdida Estado dañado No para préstamo Localización permanente Ubicación/localización actual Fecha de adquisición Número de inventario Total de préstamos Signatura topográfica completa Código de barras Fecha visto por última vez Precio válido a partir de Tipo de ítem Koha
El ejemplar forma parte de la colección y puede ser consultado según las políticas vigentes.       Biblioteca del Museo Franz Mayer (Rogerio Casas-Alatriste) Biblioteca del Museo Franz Mayer (Rogerio Casas-Alatriste) 28/12/2011 O129   (O129) 7559 22/03/2019 22/03/2019 Libros